| 000 | 00858nam a22002297a 4500 | ||
|---|---|---|---|
| 999 |
_c22123 _d22123 |
||
| 003 | AR-CdUCM | ||
| 008 | 190425b ||||| |||| 00| 0 spa d | ||
| 040 |
_aMUNICIPALIDAD PROVINCIAL DEL CUSCO _cBIBLIOTECA MUNICIPAL DEL CUSCO |
||
| 082 | _aPanchito/N°1/2007 | ||
| 110 |
_aColegio San Francisco de Asis _947487 |
||
| 245 |
_aPanchito : _brevista anual / _cColegio San Francisco de Asis |
||
| 260 |
_aCusco. _bDanny´s Graff, _c2007. |
||
| 300 |
_a77 páginas. : _bilustraciones ; _c30 cm. |
||
| 440 |
_aRevista San Francisco de Asis. _nAño 17, diciembre del 2007. _947488 |
||
| 505 | _aContenido: Revista del Colegio San Francisco de Asis del Cusco. | ||
| 650 |
_aHistoria del Cusco _91714 |
||
| 650 |
_aColegios del Cusco _924467 |
||
| 650 |
_aHistoria institucional _947480 |
||
| 650 |
_aSan Francisco Cusco _947489 |
||
| 942 |
_2ddc _cPP |
||
| 945 | _arac | ||